Companies by Stock Market Abbreviation Quiz Stats

 Plays Quiz not verified by Sporcle

Challenge
Share
Tweet
Embed
Score 0/20 Timer 03:00
0 Plays Today
Stock Company % Correct
AAPLApple
96.5%
GOOGGoogle
93%
NFLXNetflix
91.5%
FBFacebook
90.2%
MSFTMicrosoft
89.9%
GEGeneral Electric Co.
84.2%
VVisa
84.2%
JPMJPMorgan Chase & Co.
80.4%
XOMExxon Mobil Corp.
76.3%
PEPPepsi
71.5%
Stock Company % Correct
TAT&T
70.6%
SBUXStarbucks
69.9%
BACBank of America
65.5%
CCitigroup Inc
60.8%
WMTWal-Mart Stores
59.8%
KOCoca-Cola
58.5%
TWTTwitter
58.2%
GSGoldman Sachs
54.1%
WFC Wells Fargo & Co.
49.4%
CVXChevron Corporation
45.9%

You're not logged in!

Compare scores with friends on all Sporcle quizzes.
Join for Free
OR
Log In

You Might Also Like...

Show Comments

Extras

Top Quizzes Today


Score Distribution

Your Account Isn't Verified!

In order to create a playlist on Sporcle, you need to verify the email address you used during registration. Go to your Sporcle Settings to finish the process.

Report this User

Report this user for behavior that violates our Community Guidelines.

Details: